Bibliya Yera [Kinyarwanda Bible] /. (Record no. 41568)
[ view plain ]
| 000 -LEADER | |
|---|---|
| fixed length control field | 00521nam a22001811a 4500 |
| 003 - CONTROL NUMBER IDENTIFIER | |
| control field | NEGST |
| 005 - DATE AND TIME OF LATEST TRANSACTION | |
| control field | 20110718133545.0 |
| 008 - FIXED-LENGTH DATA ELEMENTS--GENERAL INFORMATION | |
| fixed length control field | 030714s1993 001 0 eng d |
| 020 ## - INTERNATIONAL STANDARD BOOK NUMBER | |
| International Standard Book Number | 9966401164 |
| 100 1# - MAIN ENTRY--PERSONAL NAME | |
| Personal name | Societe Biblique au Rwanda. |
| 245 10 - TITLE STATEMENT | |
| Title | Bibliya Yera [Kinyarwanda Bible] /. |
| 260 ## - PUBLICATION, DISTRIBUTION, ETC. (IMPRINT) | |
| Place of publication, distribution, etc | Kigali : |
| Name of publisher, distributor, etc | Societe Biblique au Rwan, |
| Date of publication, distribution, etc | 1993. |
| 300 ## - PHYSICAL DESCRIPTION | |
| Extent | vi, 284p. : maps. |
| 590 ## - LOCAL NOTE (RLIN) | |
| Local note | Accession number: 30508 |
| 600 10 - SUBJECT ADDED ENTRY--PERSONAL NAME | |
| Personal name | Kinyarwanda language - Texts. |
| 600 10 - SUBJECT ADDED ENTRY--PERSONAL NAME | |
| Personal name | Bible. Kinyarwanda. 1993. |
| Withdrawn status | Lost status | Source of classification or shelving scheme | Damaged status | Not for loan | Collection code | Home library | Current library | Shelving location | Date acquired | Cost, normal purchase price | Full call number | Barcode | Date last seen | Price effective from | Koha item type |
|---|---|---|---|---|---|---|---|---|---|---|---|---|---|---|---|
| Library of Congress Classification | Reference | AIU/NEGST - Tony Wilmot Memorial Library | AIU/NEGST - Tony Wilmot Memorial Library | Reference | 03/06/2010 | 25.00 | REF BS 325.K56 1993 | R08754L3232 | 09/26/2019 | 03/06/2010 | Africana collection ( Reference) |
